Premier League: 350+ Matches (2000-) - Statistics

General Stats
  • This quiz has been taken 15 times
  • The average score is 30 of 53
Answer Stats
Ranking Player Positions Nationality Matches Goals (assists) Periods Clubs % Correct
35 Ashley Cole DF 384 15 (31) 2000-2014
92%
4 Frank Lampard MF 491 160 (94) 2000-2015
92%
7 Ashley Young DF, FW 485 50 (74) 2006-2019, 2021-2025
83%
2 Gareth Barry MF 589 50 (61) 2000-2018
83%
1 James Milner DF, MF 638 55 (89) 2002-2025
83%
6 John Terry DF 486 41 (12) 2000-2017
83%
8 Michael Carrick MF 473 22 (38) 2000-2002, 2004-2018
83%
13 Petr Čech GK 443 0 (2) 2004-2019
83%
5 Wayne Rooney MF, FW 491 208 (102) 2002-2018
83%
3 Jermain Defoe FW 496 163 (33) 2000-2019
75%
34 Jonny Evans DF 386 14 (14) 2007-2025
75%
10 Peter Crouch FW 468 106 (58) 2001-2019
75%
36 Ryan Giggs MF, FW 382 55 (101) 2000-2014
75%
11 Steven Gerrard MF 463 119 (89) 2000-2015
75%
21 David de Gea GK 415 0 (0) 2011-2023
67%
49 Hugo Lloris GK 361 0 (0) 2012-2023
67%
20 Jamie Carragher DF, MF 416 1 (12) 2000-2013
67%
16 Jordan Henderson MF 431 33 (54) 2008-2023
67%
40 Łukasz Fabiański GK 376 0 (1) 2007-2010, 2012-2025
67%
22 Mark Noble MF 414 47 (35) 2005-2010, 2012-2022
67%
30 Raheem Sterling MF, FW 396 123 (66) 2011-2025
67%
33 Rio Ferdinand DF 389 9 (7) 2000-2015
67%
17 Brad Friedel GK 425 1 (0) 2001-2014
58%
53 Cesc Fàbregas MF, FW 350 50 (111) 2004-2010, 2014-2019
58%
31 Gary Cahill DF 394 28 (12) 2005-2021
58%
12 John O'Shea DF, MF 445 13 (13) 2001-2017
58%
15 Mark Schwarzer GK 436 0 (1) 2000-2015
58%
46 Séamus Coleman DF, MF 369 22 (24) 2009-2025
58%
38 Shay Given GK 380 0 (0) 2000-2009, 2011-2012, 2014-2017
58%
9 Sylvain Distin DF 469 7 (6) 2001-2016
58%
29 Theo Walcott MF, FW 397 80 (56) 2006-2023
58%
28 Tim Howard GK 399 1 (3) 2003-2016
58%
19 Aaron Lennon MF, FW 416 36 (50) 2003-2004, 2005-2019, 2021-2022
50%
48 Danny Welbeck MF, FW 363 77 (32) 2008-2025
50%
51 Kolo Touré DF 353 12 (10) 2002-2016
50%
24 Kyle Walker DF, MF 410 8 (36) 2009-2025
50%
18 Leighton Baines DF 420 32 (53) 2005-2020
50%
32 Ben Foster GK 390 0 (1) 2006-2019, 2021-2022
42%
37 Emile Heskey FW 380 74 (35) 2000-2012
42%
50 Glen Johnson DF 358 15 (28) 2002-2018
42%
27 Kevin Nolan MF 401 69 (26) 2001-2008, 2010-2011, 2012-2016
42%
45 Paul Robinson GK 370 1 (5) 2000-2001, 2002-2011, 2016-2017
42%
41 Phil Jagielka DF, MF 376 18 (9) 2006-2021
42%
23 Aaron Hughes DF 410 3 (11) 2000-2014
33%
26 James Ward-Prowse DF, MF 404 57 (47) 2012-2025
33%
14 Jussi Jääskeläinen GK 436 0 (3) 2001-2015
33%
43 Phil Neville DF, MF 374 8 (17) 2000-2013
33%
44 Richard Dunne DF 374 11 (5) 2000-2001, 2002-2011, 2014-2015
33%
47 Scott Parker MF 364 24 (20) 2000-2014
33%
25 Stewart Downing MF, FW 408 37 (59) 2001-2014, 2016-2017
33%
52 Leon Osman MF 352 44 (27) 2002-2016
25%
42 Kevin Davies FW 375 72 (48) 2000-2012
17%
39 Danny Murphy MF 377 48 (52) 2000-2012
8%
No matching quizzes found
Score Distribution
Percent of People with Each Score
Percentile by Number Answered
Your Score History
You have not taken this quiz